000 01522nam a22002537a 4500
003 dpl
005 20180821123416.0
008 161004b xxu||||| |||| 00| 0 eng d
010 _aB-059461
020 _c590.00
_a818535913
035 _aB-059461, B-059464
037 _bCen Lib/Ret
040 _aDPL
_bEN
_cTIT
082 _a023
_bSIN
100 _aDev Raj Singh
_9105423
245 _aCareer in librarianship :
_cby Dev Raj Singh
_bchallenges and opportunities /
260 _a Delhi
_bIndependent Publishing Company
_c2001
270 _b Delhi
_a4774, Deputy Ganj, Sadar Bazar
_e110006
300 _a229p.
_c20cm(Hb)
500 _aIncludes appendix
650 _aLibrary science French-english
_v
_9105424
650 _aLibrarianship
_y
_9105425
942 _2ddc
_cEN
_h023
_mDEV
999 _c122551
_d122551